Statistics for Binary to Hex Quiz

Click here to take the quiz!

General Stats

  • This quiz has been taken 14 times
  • The average score is 43 of 46

Answer Stats

HintAnswer% Correct
00000
100%
00011
100%
00011
100%
00102
100%
00102
100%
00113
100%
00113
100%
00113
100%
01004
100%
01004
100%
01004
100%
01015
100%
01015
100%
01106
100%
01106
100%
01106
100%
01117
100%
01117
100%
10008
100%
10008
100%
10019
100%
1011B
100%
1100C
100%
1101D
100%
1101D
100%
1111F
100%
1111F
100%
00000
88%
00102
88%
01015
88%
01117
88%
10008
88%
10019
88%
10019
88%
1010A
88%
1010A
88%
1011B
88%
1100C
88%
1101D
88%
1110E
88%
1110E
88%
1111F
88%
1010A
75%
1011B
75%
1100C
75%
1110E
75%

Score Distribution

Percentile by Number Answered

Percent of People with Each Score

Your Score History

You have not taken this quiz